| 000 | 00529 a2200157 4500 | ||
|---|---|---|---|
| 003 | Nust | ||
| 005 | 20170207154207.0 | ||
| 040 | _cNust | ||
| 082 | _a621.3815 | ||
| 100 | _aJoseph A. Walter | ||
| 245 | _aTransistor Circuit Design | ||
| 260 |
_aLondon _bMcGRAW-HILL _c1963 |
||
| 300 | _av, 496 | ||
| 505 | _aPart 1:- Fundamentals Considerations (Page-3) Part 2:- D-C and Low frequency Design (Page-86) Part 3:- High Frequency Designs (Page-253) Part 4:- Switching Mode Designers (Page-369) | ||
| 538 | _aAlmirah No. 130 and Shelf No. 3 | ||
| 942 |
_2ddc _cBK |
||
| 999 |
_c194902 _d194902 |
||